Catálogo

DIARIO DE LA REVOLUCION 1906-1920 (Registro nro. 56654)

Detalles MARC
000 -LEADER
fixed length control field 01156nam a2200205 a 4500
001 - CONTROL NUMBER
control field 56654
005 - DATE AND TIME OF LATEST TRANSACTION
control field 20180714052521.0
008 - FIXED-LENGTH DATA ELEMENTS--GENERAL INFORMATION
fixed length control field 140415s2010 mx 000 0 spa d
020 ## - INTERNATIONAL STANDARD BOOK NUMBER
International Standard Book Number 9786079062019
041 ## - LANGUAGE CODE
Language code of text/sound track or separate title spa
082 ## - DEWEY DECIMAL CLASSIFICATION NUMBER
Classification number 972.03
Item number AVI
245 00 - TITLE STATEMENT
Title DIARIO DE LA REVOLUCION 1906-1920
250 ## - EDITION STATEMENT
Edition statement 1a ed.
260 ## - PUBLICATION, DISTRIBUTION, ETC.
Place of publication, distribution, etc. MEXICO :
Name of publisher, distributor, etc. CLUB PROMOCIONAL DEL LIBRO, S.A. DE C.V.,
Date of publication, distribution, etc. 2010
300 ## - PHYSICAL DESCRIPTION
Extent 967
Dimensions 27 x 1.9 x 38.4
500 ## - GENERAL NOTE
General note AVILA, JESUS ES COORDINADOR DE LA OBRA
520 ## - SUMMARY, ETC.
Summary, etc. SE HA CREADO UNA OBRA CON EL PROPOSITO DE ABRIR UNA VENTANA A LA HISTORIA DE NUESTRO PAIS A TODO EL PUEBLO MEXICANO. EN SUS PAGINAS PODRAN OBSERVAR LOS PORMENORES DE UNA DE LAS EPOCAS QUE MAS CAMBIOS PRODUJO EN LA NACION. ESTE LIBRO ESTA ORGANIZADO COMO PERIODICOS QUE RELATAN LOS PRINCIPALES ACONTECIMIENTOS HISTORICOS RELATIOS A LA REVOLUCION DE UNA MANERA AGIL, CON LENGUAJE ENCILLO Y ESTILO PERIODISTICO. SE PRESENTAN NOTICIAS AMBIENTALES EN LA EPOCA COMPRENDIDA ENTRE LOS AÑOS 1906-19
650 14 - SUBJECT ADDED ENTRY--TOPICAL TERM
Topical term or geographic name entry element MEXICO
General subdivision HISTORIA
-- REVOLUCION MEXICANA, 1906
-- 1920
-- CRONOLOGIA
-- MEXICO
-- POLITICA Y GOBIERNO, 1906
-- 1920
700 1# - ADDED ENTRY--PERSONAL NAME
Personal name AVILA, JESUS
Relator term coaut.
Existencias
Withdrawn status Lost status Source of classification or shelving scheme Damaged status Not for loan Collection code Home library Current library Shelving location Date acquired Source of acquisition Inventory number Total Checkouts Full call number Barcode Date last seen Price effective from Koha item type
    Dewey Decimal Classification     General Biblioteca Karol Wojtyla Biblioteca Karol Wojtyla Sala general 03/12/2013 Compra 151000000000000000072400   972.03 AVI 85576 05/01/2026 03/12/2013 Reserva permanente